PANGLIMA SALLEH SELEMPANG MERAH / (Record no. 174647)

MARC details
000 -LEADER
fixed length control field 01039aam a2200325 i 4500
001 - CONTROL NUMBER
control field vtls000876774
003 - CONTROL NUMBER IDENTIFIER
control field PNM
005 - DATE AND TIME OF LATEST TRANSACTION
control field 20191117120842.0
008 - FIXED-LENGTH DATA ELEMENTS--GENERAL INFORMATION
fixed length control field 190514t20191988my g o000 f may
015 ## - NATIONAL BIBLIOGRAPHY NUMBER
National bibliography number M191-01874
020 ## - INTERNATIONAL STANDARD BOOK NUMBER
Canceled/invalid ISBN 9789836205520
Qualifying information paperback
Terms of availability RM35.00
039 #9 - LEVEL OF BIBLIOGRAPHIC CONTROL AND CODING DETAIL [OBSOLETE]
Level of rules in bibliographic description 201907080955
Level of effort used to assign nonsubject heading access points siti
Level of effort used to assign subject headings 201905280916
Level of effort used to assign classification kalthom
Level of effort used to assign subject headings 201905151253
Level of effort used to assign classification manoriah
Level of effort used to assign subject headings 201905141049
Level of effort used to assign classification ain
040 ## - CATALOGING SOURCE
Original cataloging agency BNM
Language of cataloging eng
Transcribing agency BNM
Description conventions rda
Modifying agency PPAK
049 ## - LOCAL HOLDINGS (OCLC)
Holding library mal
082 04 - DEWEY DECIMAL CLASSIFICATION NUMBER
Classification number 899.2333
Edition number 23
090 00 - LOCALLY ASSIGNED LC-TYPE CALL NUMBER (OCLC); LOCAL CALL NUMBER (RLIN)
Classification number (OCLC) (R) ; Classification number, CALL (RLIN) (NR) 899.2333
Feature heading ZAH
Feature heading G
100 0# - MAIN ENTRY--PERSONAL NAME
Personal name Zaharah Nawawi,
Dates associated with a name 1940-
Relator term author.
245 10 - TITLE STATEMENT
Title PANGLIMA SALLEH SELEMPANG MERAH /
Statement of responsibility, etc. ZAHARAH NAWAWI
264 #1 - PRODUCTION, PUBLICATION, DISTRIBUTION, MANUFACTURE, AND COPYRIGHT NOTICE
Place of production, publication, distribution, manufacture Kuala Lumpur :
Name of producer, publisher, distributor, manufacturer Dewan Bahasa dan Pustaka,
Date of production, publication, distribution, manufacture, or copyright notice [2019?]
Date of production, publication, distribution, manufacture, or copyright notice ©1988
300 ## - PHYSICAL DESCRIPTION
Extent xv, 521 pages ;
Dimensions 20 cm
336 ## - CONTENT TYPE
Content type term text
Source rdacontent
337 ## - MEDIA TYPE
Media type term unmediated
Source rdamedia
338 ## - CARRIER TYPE
Carrier type term volume
Source rdacarrier
586 ## - AWARDS NOTE
Awards note ZAHARAH NAWAWI PENERIMA S.E.A. WRITE AWARD 1996
650 10 - SUBJECT ADDED ENTRY--TOPICAL TERM
Topical term or geographic name entry element Historical fiction, Malay
Topical term or geographic name entry element Malay fiction
Topical term or geographic name entry element Government publications
Geographic subdivision Malaysia
942 ## - ADDED ENTRY ELEMENTS (KOHA)
Source of classification or shelving scheme Dewey Decimal Classification
Koha item type Book
Holdings
Withdrawn Not for loan Current library Shelving location Date acquired Total Checkouts Full call number Barcode Date last seen Date last checked out Koha item type Total Renewals
    Perpustakaan Alor Setar Pinjaman Dewasa 04/11/2019 2 899.2333 ZAH A01618058 04/03/2024 13/02/2024 Book  
    Perpustakaan Awam Sungai Petani Pinjaman Dewasa 04/11/2019 2 899.2333 ZAH A01618059 06/05/2023 12/04/2023 Book  
    Perpustakaan Jitra Pinjaman Dewasa 04/11/2019 3 899.2333 ZAH A01620145 27/02/2023 21/02/2023 Book 1
    Perpustakaan Kulim Pinjaman Dewasa 04/11/2019   899.2333 ZAH A01620146 08/12/2019   Book  
    Perpustakaan Langkawi Pinjaman Dewasa 04/11/2019 2 899.2333 ZAH A01620147 20/12/2020 08/12/2020 Book 1